|
|
|
|
| LEADER |
00000ny a22000003n 4500 |
| 005 |
20110621112638.0 |
| 008 |
020213s2001 sp 001 0 spa c |
| 017 |
|
|
|a M30797-2001
|
| 020 |
|
|
|a 8484940128
|
| 035 |
|
|
|a 1623
|
| 040 |
|
|
|a UMA.DER
|d vlex
|
| 040 |
|
|
|a UMA.RE
|d vlex
|
| 080 |
|
|
|a 334.73(460)(0.034)
|
| 080 |
|
|
|a 347.764(460)(0.034)
|
| 090 |
|
|
|c 1311
|d 1311
|
| 100 |
1 |
|
|a Maldonado Molina, Francisco Javier
|
| 245 |
1 |
0 |
|a Aspectos societarios de las mutualidades
|h [Recurso electrn̤ico]
|c Francisco Javier Maldonado Molina
|
| 256 |
|
|
|a Servicio en ln̕ea
|
| 260 |
|
|
|a [Madrid] :
|b Editoriales de Derecho Reunidas,
|c D.L. 2001
|
| 300 |
|
|
|a 368 p. ;
|c 20 cm
|
| 490 |
1 |
|
|a Cuadernos mercantiles ;
|v 13
|
| 506 |
1 |
|
|a Contenido solo disponible en los productos indicados
|d vLex Global
|d vLex Global (Academic Edition, excluding Law Schools)
|d vLex Global (U.S. Academic Edition, Law Schools)
|d vLex Global (U.S. Academic Edition, excluding Law Schools)
|d vLex Global (Academic Edition, Law Schools)
|
| 650 |
0 |
7 |
|a Civil
|2 Tesauro vLex
|
| 650 |
0 |
7 |
|a Asociacin̤
|2 Tesauro vLex
|
| 650 |
0 |
7 |
|a Societario
|2 Tesauro vLex
|
| 650 |
0 |
7 |
|a Asociaciones
|2 Tesauro vLex
|
| 650 |
0 |
7 |
|a Derecho de sociedades
|2 Tesauro vLex
|
| 740 |
0 |
|
|a vLex Libros (Servicios en ln̕ea)
|
| 830 |
|
0 |
|a Cuadernos mercantiles (Editoriales de Derecho Reunidas)
|
| 856 |
4 |
0 |
|u http://vlex.com/source/1623
|z Acceso restringido
|
| 942 |
|
|
|c BOOK
|